000 00874nam a2200277 a 4500
003 CO-ViMGA
005 20230915233138.0
008 140711s2014 ck gr 00011 spa d
020 _a9789587721157
040 _aCO-ViMGA
_bspa
_cCO-ViMGA
043 _as-ck---
082 0 4 _aCo 861.6
_bM34m
_219
100 1 _aMejía Vallejo, Manuel,
_d1923-1998.
_94072
240 1 0 _aAntioquia-Bibliografía regional
245 1 0 _aMemoria del olvido /
_cManuel Mejía Vallejo.
250 _aEdición 100.
260 _aBogotá :
_bUniversidad Externado de Colombia. Decanatura Cultural,
_c2014.
300 _a75 páginas ;
_c15 cm.
490 1 _aEl Malpensante
490 1 _aUn libro por centavos ;
_v100
650 1 4 _aAmor
_v Poesías.
_9241
650 1 4 _aMuerte
_v Poesías.
_9166
650 1 4 _aOlvido
_v Poesías.
_91586
650 1 4 _aPoesía colombiana.
_9163
942 _2ddc
999 _c35659
_d35659